| 000 | 00680nam a22001817a 4500 | ||
|---|---|---|---|
| 005 | 20251108165305.0 | ||
| 008 | 250721s1986 xx 000 0 ara d | ||
| 082 | 1 | 4 | _a631.5809612/حسن |
| 100 | 1 | _aالجديدى، حسن محمد | |
| 245 | 1 | 0 | _aالزراعة المروية و أثرها على إستنزاف المياه الجوفية في شمال غرب سهل جفاره / |
| 264 | 1 |
_aطرابلس ( ليبيا ) : _bالدار الجماهيرية للنشر و التوزيع و الإعلان، _c1986. |
|
| 300 | _a440ص | ||
| 650 | 1 | 7 | _aالزراعة المروية |
| 650 | 1 | 7 | _aليبيا |
| 650 | 1 | 7 | _aالزراعة |
| 942 |
_2ddc _cBK |
||
| 999 |
_c24271 _d24271 |
||